La Divina Commedia Di Don Procopio Ballaccheri

Kaydedildi:
Detaylı Bibliyografya
Yazar: Nono Martoglio
Materyal Türü: Kitap
Dil:Bilinmeyen Dil
Baskı/Yayın Bilgisi: Edizione Drt.Antonio Sfameni
Etiketler: Etiketle
Etiket eklenmemiş, İlk siz ekleyin!

MARC

LEADER 00000nam a2200000Ia 4500
001 R-235
003 CODICE-MESSINA
005 20260212102449.0
008 260211s9999 xx 000 0 und d
040 |c importazione_messina 
100 |a Nono Martoglio 
245 0 |a La Divina Commedia Di Don Procopio Ballaccheri 
260 |b Edizione Drt.Antonio Sfameni 
942 |2 ddc  |c BK 
952 |0 0  |1 0  |2 ddc  |4 0  |6 SCAFFALE_3_000000000000000__LETTERATURA  |7 0  |9 31056  |a ME  |b ME  |d 2026-02-11  |l 0  |o SCAFFALE 3 - LETTERATURA  |p R-235  |r 2026-02-11 23:52:18  |w 2026-02-11  |x [REVISIONARE]  |y BK 
999 |c 26718  |d 26718